Хотгойдын дүүрэгч вангийн хошууны түүх (Бичлэгийн дугаар. 1077768)
[ энгийн харах ]
| 000 -Удирдлага | |
|---|---|
| Ном зүйн бүртгэл тоо буюу кодлох утгыг агуулсан | 00875nam a22002177a 4500 |
| 008 - ЕРӨНХИЙ МЭДЭЭЛЭЛ-ЭЛЕМЕНТҮҮДИЙН ӨГӨГДЛИЙН УРТ | |
| fixed length control field | 240702b mp ||||| |||| 00| 0 mon d |
| 035 ## - СИСТЕМИЙН ХЯНАЛТЫН ДУГААР | |
| Системийн хяналтын дугаар | 26679 |
| 040 ## - ЭХ СУРВАЛЖИЙГ ТОДОРХОЙЛОН БИЧИХ | |
| Анхны каталогийн байгууллага | SU1322070 |
| Каталогийн хэл | Монгол |
| Бичлэг хийж нэвтрүүлэх байгууллага | MN-UlNLM |
| Өөрчлүүлэх байгууллага | MN-UlNLM |
| Бичиглэлийн тодорхойлолт | rda |
| 041 ## - ХЭЛНИЙ КОД | |
| Текстийн хэлний код/фонограм буюу салангид гарчиг | Монгол |
| 042 ## - AUTHENTICATION CODE | |
| Authentication code | 68568 |
| 084 ## - БУСАД АНГИЛЛЫН ДУГААР | |
| Ангиллын нэр | Номын сан номзүйн ангилал |
| Анги | 63.3/5Мон/ |
| Зохиогчийн 3-н тэмдэгт | Л-874 |
| 100 ## - ЗОХИОГЧИЙН ХЭСЭГ | |
| Зохиогчийн нэр | Лхагва С. |
| 245 #0 - ҮНДСЭН ГАРЧИГ | |
| Гарчиг | Хотгойдын дүүрэгч вангийн хошууны түүх |
| 264 ## - ГАРАЛТЫН МЭДЭЭ | |
| Хэвлэгдсэн газар | Улаанбаатар |
| Бүтээгч, хэвлэгч, түгээгч, үйлдвэрлэгчийн нэр | Адмон ХХК |
| Хэвлэгдсэн он | 1997 |
| 300 ## - ТООНЫ МЭДЭЭ | |
| Хуудасны тоо | 266х. |
| 336 ## - АГУУЛГЫН ТӨРӨЛ | |
| Нөөц | rdacontent |
| Агуулгын төрлийн нөхцөл | text |
| Агуулгын төрлийн код | txt |
| 337 ## - MEDIA TYPE | |
| Эх сурвалж | rdamedia |
| Файлын төрөл | unmediated |
| Файлын код | n |
| 338 ## - CARRIER TYPE | |
| Source | rdacarrier |
| Carrier type term | volume |
| Carrier type code | nc |
| 650 ## - Сэдэв | |
| Сэдэв | Энэ номонд хотогойдын нутаг дэвсгэр, хөрс, уур амьсгал, гол мөрөн, цөөрөм, түүхийн дурсгалт зүйлс, ургамал, ан амьтан, ашигт мал... |
| 942 ## - ЭЛЕМЕНТИЙН ТӨРӨЛ | |
| Анги | Номын сан номзүйн ангилал |
| Төрөл | Ном |
| Буцаан татагдсан төлөв | Хасагдсан шалтгаан | Гэмтсэн төлөв | Данс заагч | Захиалах боломжгүй | Үндсэн номын сан | Одоогийн байршил | Салбар танхим | Салбар танхим | Бүртгэсэн огноо | Тавиурын заалт | Баркод | Үнэ | Хамгийн сүүлд байсан огноо | Нийт уншлаганд гарсан тоо | Дансны дугаар | Төрөл |
|---|---|---|---|---|---|---|---|---|---|---|---|---|---|---|---|---|
| Сүхбаатар аймаг | Сүхбаатар аймаг | Сүхбаатар | Гэрээр ном олгох танхим | Сүхбаатар | Гэрээр ном олгох танхим | 2024-07-05 | 63.3/5Мон/ Л-874 | SU13226679-2-1 | 5000.00 | 2024-07-05 | 50321 | Ном |